Statistiques concernant Capitales du monde - Map Quiz

Cliquez ici pour prendre le quiz!

Statistiques générales

  • Ce quiz a été pris 196 fois
  • Le résultat moyen est 82 sur 196

Réponses sur la Carte

Les réponses sont colorées sur une échelle allant du rouge au vert en fonction du pourcentage des utilisateurs qui les ont devinées à leur premier essai. Vous pouvez retrouver ces pourcentages ci-dessous.
 

Statistiques - réponses

Réponse% Correct
Berlin
79%
Alger
77%
Canberra
73%
Brasilia
71%
Bruxelles
71%
Pékin
70%
Pretoria/Le Cap/Bloemfontein
70%
Buenos Aires
69%
Washington
69%
Moscou
68%
Ottawa
68%
Kaboul
66%
Lisbonne
66%
Madrid
66%
Mexico
66%
Paris
66%
Athènes
65%
Amsterdam
64%
Le Caire
62%
Londres
62%
Minsk
62%
Rome
62%
Séoul
62%
Tunis
62%
Vienne
62%
Ankara
61%
Copenhague
61%
Dublin
61%
Lima
61%
New Delhi
61%
Reykjavik
61%
Santiago
61%
Helsinki
60%
Kiev
60%
La Havane
60%
Prague
60%
Rabat
60%
Tokyo
60%
berne
58%
Bogota
58%
Stockholm
58%
Tirana
58%
Varsovie
58%
Bucarest
57%
Oslo
57%
Pyongyang
57%
Abou Dabi
55%
Bangkok
55%
La Valette
55%
Nicosie
55%
Quito
55%
Sofia
55%
Taïwan
55%
Zagreb
55%
Jakarta
53%
Montevideo
53%
Riyad
53%
Sucre
53%
Vilnius
53%
Bagdad
52%
Oulan Bator
52%
Panama
52%
Port au Prince
52%
Téhéran
52%
Wellington
52%
Bakou
51%
Budapest
51%
Djibouti
51%
Hanoï
51%
Tallinn
51%
Tripoli
51%
Caracas
49%
Dakar
49%
Manille
49%
Riga
49%
Islamabad
48%
Jérusalem
48%
Koweït
48%
Luxembourg
48%
Sao Tome
48%
Asuncion
47%
Damas
47%
Erevan
47%
Guatemala
47%
Kuala Lumpur
47%
Nassau
47%
Sanaa
45%
Belgrade
44%
Dacca
44%
Katmandou
44%
Kinshasa
44%
Phnom Penh
44%
San Salvador
44%
Vientiane
44%
Andorre la vieille
43%
Beyrouth
43%
Bratislava
43%
Ljubljana
43%
Nairobi
43%
Sarajevo
43%
Addis Abeba
42%
Amman
42%
Bamako
42%
Ouagadougou
42%
Thimphou
42%
Yaoundé
42%
Brazzaville
40%
Mascate
40%
Saint Domingue
40%
Chisinau
39%
Lomé
39%
Malé
39%
Paramaribo
39%
Doha
38%
Khartoum
38%
San José
38%
Tbilissi
38%
Mogadiscio
36%
N'Djamena
36%
Nouakchott
36%
Tananarive
36%
Yamoussoukro
36%
Belmopan
35%
Bissau
35%
Libreville
35%
Luanda
35%
Noursoultan
35%
Skopje
35%
Windhoek
35%
Naypyidaw
34%
Praia
34%
Bangui
32%
Conakry
32%
Harare
32%
Niamey
32%
Porto Novo
32%
Tegucigalpa
32%
Victoria
32%
Abuja
31%
Asmara
31%
Colombo
31%
Dili
31%
Dodoma
31%
Kigali
31%
Podgorica
31%
Port Louis
31%
Accra
30%
Djouba
30%
Pristina
30%
Tachkent
30%
Bichkek
29%
Freetown
29%
Gaborone
29%
Georgetown
29%
Lusaka
29%
Managua
29%
Maputo
29%
Moroni
29%
Port Moresby
29%
Achgabat
27%
Kingston
27%
Douchanbé
26%
Lilongwe
25%
Port D'Espagne
25%
Bandar Seri Begawan
23%
Mbabane/Lobamba
23%
Monrovia
23%
Saint Marin
23%
Kampala
22%
Manama
22%
Maseru
22%
Gitega
21%
Malabo
21%
Monaco
21%
Singapour
21%
Vatican
21%
Palikir
17%
Banjul
16%
Yaren
16%
Bridgetown
14%
Suva
14%
Vaduz
14%
Tarawa
13%
Honiara
12%
Nuku'alofa
12%
Majuro
10%
Port-Vila
10%
Apia
9%
Basseterres/Charletown
9%
Funafuti
9%
Ngerulmud
9%
Roseau
9%
Castries
8%
Saint Johns
8%
Saint Georges
6%
Kingstown
4%

Distribution des résultats

Percentile par nombre de réponses

% des personnes avec chaque résultat

Votre développement - résultats

Vous n’avez pas pris ce quiz